00771cam a22002411 4500999001700000001000800017003000400025005001700029008004100046010001700087040001800104050001900122082000800141100002500149245002900174260004900203300003100252504003000283650001300313906004500326942003800371952012000409 c27485d274852169808OSt20170208153300.0740625s1966 njua b 000 0 eng  a 66028111  aDLCcDLCdDLC00aNC390 .H5 196600a7411 aHill, Edward.d1966.14aThe language of drawing. aEnglewood Cliffs, N.J.bPrentice-Hallc1966. aiv, 152 p.billus.c21 cm. aBibliography: p. 146-152. 0aDrawing. a7bcbccorignewdueocipf19gy-gencatlg 2lcccBOOKShNC390 .H5 1966k34386 00102lcc4070aMUCbMUCcTECHd2017-02-08eDonation(BFA)l0oNC390 .H5 1966p34386r2018-07-06w2017-02-08yBOOKS